Online
Catalog

El nacionalismo y sus alternativas / (Record no. 22368)

MARC details
000 -CABECERA
campo de control de longitud fija 00561nam a2200169 a 4500
001 - NÚMERO DE CONTROL
campo de control 000022871
005 - FECHA Y HORA DE LA ÚLTIMA TRANSACCIÓN
campo de control 20200930021840.0
008 - DATOS DE LONGITUD FIJA--INFORMACIÓN GENERAL
campo de control de longitud fija 101119s1971 ag r 000 | spa d
040 ## - FUENTE DE LA CATALOGACIÓN
Centro catalogador/agencia de origen DO-SdBNP
Lengua de catalogación spa
Centro/agencia transcriptor BNPHU
082 ## - NÚMERO DE LA CLASIFICACIÓN DECIMAL DEWEY
Número de clasificación xxx
Número de documento/Ítem D486n
049 ## - FONDOS LOCALES (OCLC)
Fondos de biblioteca BNGR
100 1# - ENTRADA PRINCIPAL--NOMBRE DE PERSONA
Nombre de persona Deutsch, Karl W.
9 (RLIN) 47001
245 13 - MENCIÓN DE TÍTULO
Título El nacionalismo y sus alternativas /
Mención de responsabilidad, etc. Karl W. Deutsch ; traducción de Carlos R. Luis.
534 ## - NOTA SOBRE LA VERSIÓN ORIGINAL
Encabezamiento principal del original Título original :
Mención de título del original Nationalism and its alternatives
700 1# - PUNTO DE ACCESO ADICIONAL--NOMBRE DE PERSONA
Nombre de persona Luis, Carlos R.
9 (RLIN) 47002
830 #0 - PUNTO DE ACCESO ADICIONAL DE SERIE-TÍTULO UNIFORME
Título uniforme Nationalism and its alternatives
Lenguaje de la obra español
9 (RLIN) 47003
Holdings
Estado de retiro Estado de pérdida Restricciones de uso No para préstamo Código de colección Localización permanente Ubicación/localización actual Ubicación en estantería Fecha de adquisición Número de inventario Total de préstamos Signatura topográfica completa Código de barras Fecha visto por última vez Precio válido a partir de Tipo de ítem Koha
      Excluido de préstamo Monografías: Libros y Folletos General General En catalogación 19.11.2010 LF1   xxx D486n 22871-10 25.06.2020 25.06.2020 No se presta

Powered by Koha